Algumas considerações sobre o discurso do nobre Senador pela Província do Espírito Santo em 13 de setembro de 1869 com relação á estrada de ferro projetada de Santa Catarina a S. Pedro do Sul po José Dias da Cruz Lima (Registro n. 757)
[ somente texto ]
| 000 -LÍDER | |
|---|---|
| campo de controle de tamanho fixo | 00987nam a22001817a 4500 |
| 003 - IDENTIFICADOR DO NÚMERO DE CONTROLE | |
| campo de controle | BR-ViAPE |
| 005 - DATA E HORÁRIO DA ÚLTIMA TRANSAÇÃO | |
| campo de controle | 20260602124535.0 |
| 008 - CAMPO DE DADOS FIXOS--INFORMAÇÃO GERAL | |
| campo de controle de tamanho fixo | 260602s1870 por gs||||s000 0 por d |
| 040 ## - FONTE DA CATALOGAÇÃO | |
| Instituição que transcreveu o registro | BR-ViAPE |
| 245 ## - TÍTULO | |
| Título | Algumas considerações sobre o discurso do nobre Senador pela Província do Espírito Santo em 13 de setembro de 1869 com relação á estrada de ferro projetada de Santa Catarina a S. Pedro do Sul po José Dias da Cruz Lima |
| 260 ## - PUBLICAÇÃO, DISTRIBUIÇÃO, ETC. | |
| Local de publicação, distribuição, etc. | Rio de Janeiro |
| Nome do editor, distribuidor, etc. | Typ. de J. L. Vianna |
| Data da publicação, distribuição, etc. | 1870 |
| 300 ## - DESCRIÇÃO FÍSICA | |
| Extensão | 18 p. |
| Outros detalhes físicos | Documento digitalizado (PDF) |
| 500 ## - NOTA GERAL | |
| Nota geral | Documento digitalizado do acervo institucional do Arquivo Público do Estado do Espírito Santo - APEES. |
| 650 ## - ASSUNTO--TERMO TÓPICO | |
| Cabeçalho tópico ou nome geográfico | Administração pública |
| Subdivisão geral | Discurso |
| Subdivisão geográfica | Espírito Santo (Província) |
| 651 ## - ASSUNTO—LOCAIS GEOGRÁFICOS E HISTÓRICOS | |
| Nome geográfico | Espírito Santo (Brasil) |
| 856 ## - LOCALIZAÇÃO ELETRÔNICA E ACESSO | |
| Uniform Resource Identifier | <a href="https://ape.es.gov.br/Media/ape/PDF/Livros/Livros_Historicos/Obras_raras/seculo_XIX/APEES_OR_algumas_consid_sobre_1870.pdf">https://ape.es.gov.br/Media/ape/PDF/Livros/Livros_Historicos/Obras_raras/seculo_XIX/APEES_OR_algumas_consid_sobre_1870.pdf</a> |
| Texto de ligação | CLIQUE AQUI PARA ACESSAR O DOCUMENTO |
| 942 ## - ELEMENTOS DE ENTRADA ADICIONADOS (KOHA) | |
| Fonte da classificação ou esquema de arquivamento na estante | Dewey Decimal Classification |
| Tipo de material Koha | Obras Raras |
| Ocultar no OPAC | Yes |
| Status de descarte | Fonte da classificação ou esquema de arquivamento na estante | Status físico | Não pode ser emprestado | Biblioteca de origem | Biblioteca atual | Data de aquisição | Total de empréstimos | Data de último acesso | Preço efetivo de | Tipo de material Koha |
|---|---|---|---|---|---|---|---|---|---|---|
| Dewey Decimal Classification | Biblioteca do Arquivo Público do Estado do Espírito Santo | Biblioteca do Arquivo Público do Estado do Espírito Santo | 06/02/2026 | 06/02/2026 | 06/02/2026 | Obras Raras |